| 000 | 01311nam a2200397Ii 4500 | ||
|---|---|---|---|
| 001 | DIGDEU0956 | ||
| 003 | NyNyDIG | ||
| 006 | m o d | ||
| 007 | cr ||||||||||| | ||
| 008 | 130501s1996 sp ob 000 0 spa d | ||
| 020 |
_a9788498308020 _q(eBook) |
||
| 020 | _z8474854202 | ||
| 020 | _z9788474854206 | ||
| 035 | _a(OCoLC)857077458 | ||
| 040 |
_aDGITA _beng _epn _cDGITA |
||
| 050 | 1 | 4 | _aK460 eBook |
| 100 | 1 | _aAreitio Rodrigo, Ramón. | |
| 245 | 1 | 0 |
_aLecciones elementales de derecho natural / _cRamón Areitio Rodrigo.. |
| 264 | 1 |
_aBilbao : _bUniversidad de Deusto, _c1996. |
|
| 300 | _a1 online resource (206 pages) | ||
| 336 |
_atext _btxt _2rdacontent |
||
| 337 |
_acomputer _bc _2rdamedia |
||
| 338 |
_aonline resource _bcr _2rdacarrier |
||
| 490 | 1 |
_aSerie Derecho ; _vv. 56. |
|
| 504 | _aIncludes bibliographical references (p. 205-206). | ||
| 650 | 0 | _aNatural law. | |
| 650 | 0 | _aComparative law. | |
| 650 | 0 | _aPersons (Law) | |
| 655 | 0 | _aElectronic books. | |
| 791 | 2 |
_aDigitalia (Firm), _edistributor. |
|
| 830 | 0 |
_aSerie Derecho (Bilbao, Spain) ; _vv. 56. |
|
| 793 | 0 |
_gDigitalia eBook Collection: _aUniversidad de Deusto. |
|
| 856 | 4 | 0 |
_3Digitalia Hispánica _uhttps://www.digitaliapublishing.com/a/17509/ |
| 910 | _aPremium Collection: 2007-2012 | ||
| 942 | _cRAA | ||
| 999 |
_c235418 _d235418 |
||